Моделирование и исследование параллельной работы энергоагрегатов электростанций собственных нужд газокомпрессорных станций: автореферат диссертации на соискание ученой степени кандидата технических наук; спец. 05.14.02

গ্রন্থ-পঞ্জীর বিবরন
প্রধান লেখক: Токарев И. С. Иван Сергеевич
সংস্থা লেখক: Национальный исследовательский Томский политехнический университет (ТПУ) Энергетический институт (ЭНИН) Кафедра электрических сетей и электротехники (ЭСиЭ)
অন্যান্য লেখক: Хрущёв Ю. В. Юрий Васильевич (научный руководитель)
সংক্ষিপ্ত:Заглавие с титульного экрана
Электронная версия печатной публикации
ভাষা:রুশ
প্রকাশিত: Томск, 2016
বিষয়গুলি:
অনলাইন ব্যবহার করুন:http://earchive.tpu.ru/handle/11683/35223
বিন্যাস: বৈদ্যুতিক গ্রন্থ
KOHA link:https://koha.lib.tpu.ru/cgi-bin/koha/opac-detail.pl?biblionumber=320954

MARC

LEADER 00000n m0a2200000 4500
001 320954
005 20231102003327.0
035 |a (RuTPU)RU\TPU\book\346485 
035 |a RU\TPU\book\345382 
090 |a 320954 
100 |a 20160802j2016 k y0rusy50 ca 
101 0 |a rus 
102 |a RU 
105 |a a dm 001zy 
135 |a drcn ---uucaa 
181 0 |a i  
182 0 |a b 
200 1 |a Моделирование и исследование параллельной работы энергоагрегатов электростанций собственных нужд газокомпрессорных станций  |b Электронный ресурс  |e автореферат диссертации на соискание ученой степени кандидата технических наук  |e спец. 05.14.02  |f И. С. Токарев  |g Национальный исследовательский Томский политехнический университет (ТПУ) ; науч. рук. Ю. В. Хрущёв 
203 |a Текст  |c электронный 
210 |a Томск  |d 2016 
215 |a 1 файл (623 Kb) 
230 |a Электронные текстовые данные (1 файл : 623 Kb) 
300 |a Заглавие с титульного экрана 
300 |a Электронная версия печатной публикации 
452 1 |0 (RuTPU)RU\TPU\book\349430  |t Моделирование и исследование параллельной работы энергоагрегатов электростанций собственных нужд газокомпрессорных станций  |o автореферат диссертации на соискание ученой степени кандидата технических наук  |o спец. 05.14.02  |f И. С. Токарев  |g Национальный исследовательский Томский политехнический университет (ТПУ) ; науч. рук. Ю. В. Хрущёв  |c Томск  |n [Б. и.]  |d 2016  |p 20 с.  |a Токарев, Иван Сергеевич 
606 1 |a Электрические станции  |x Электрооборудование  |2 stltpush  |3 (RuTPU)RU\TPU\subj\27642  |9 51365 
606 1 |a Компрессоры газовые  |2 stltpush  |3 (RuTPU)RU\TPU\subj\15101  |9 41397 
610 1 |a авторефераты диссертаций 
610 1 |a электронный ресурс 
610 1 |a труды учёных ТПУ 
610 1 |a моделирование 
610 1 |a исследования 
610 1 |a энергоагрегаты 
610 1 |a электростанции 
610 1 |a собственные нужды 
610 1 |a газокомпрессорные станции 
610 1 |a нефтегазотранспортные системы 
610 1 |a автономное электроснабжение 
610 1 |a газокомпрессорные станции 
675 |a 621.311.2.002.5-83(04)  |v 3 
675 |a 622.691.4.05(04)  |v 3 
686 |a 05.14.02  |2 oksvnk 
700 1 |a Токарев  |b И. С.  |c специалист в области электроэнергетики  |c ассистент Томского политехнического университета  |f 1985-  |g Иван Сергеевич  |2 stltpush  |3 (RuTPU)RU\TPU\pers\29879 
702 1 |a Хрущёв  |b Ю. В.  |c специалист в области электроэнергетики  |c профессор Томского политехнического университета, доктор технических наук  |f 1942-  |g Юрий Васильевич  |2 stltpush  |3 (RuTPU)RU\TPU\pers\26724  |4 727 
712 0 2 |a Национальный исследовательский Томский политехнический университет (ТПУ)  |b Энергетический институт (ЭНИН)  |b Кафедра электрических сетей и электротехники (ЭСиЭ)  |h 6979  |2 stltpush  |3 (RuTPU)RU\TPU\col\18677 
801 2 |a RU  |b 63413507  |c 20170221  |g RCR 
856 4 |u http://earchive.tpu.ru/handle/11683/35223 
942 |c CF